Statistics for Continental Categories- Geography

Click here to take the quiz!

General Stats

  • This quiz has been taken 958 times
  • The average score is 33 of 52

Answer Stats

HintAnswer% Correct
Largest Country (by area)Australia
97%
Largest Country (by area)Brazil
97%
Largest Country (by area)Russia
97%
Largest Country (by area)Russia
97%
Largest Country (by area)Canada
96%
Longest RiverNile
94%
Largest City (metro)Sydney
94%
Smallest Country (by area)Vatican City
94%
Largest Country (by area)Algeria
93%
Largest City (metro)Cairo
93%
Largest Island (by area)Madagascar
92%
Largest City (metro)Mexico City
92%
Highest PeakMount Everest
92%
Largest City (metro)Tokyo
92%
Longest RiverAmazon
91%
Largest City (metro)Moscow
91%
Largest City (metro)São Paulo
90%
Longest RiverMississippi
86%
Smallest Country (by area)Nauru
82%
Largest Island (by area)Great Britain
81%
Largest Lake (by area)Lake Victoria
80%
Highest PeakMount Kilimanjaro
80%
Longest RiverYangtze
80%
Smallest Country (by area)Suriname
78%
Longest RiverVolga
77%
Largest Island (by area)Greenland
75%
Largest Lake (by area)Lake Superior
73%
Smallest Country (by area)Seychelles
73%
Smallest Country (by area)St. Kitts and Nevis
72%
Highest PeakDenali
70%
Largest Island (by area)Borneo
69%
Smallest Country (by area)Maldives
68%
Largest Island (by area)New Guinea
66%
Largest Lake (by area)Caspian Sea
57%
Lowest PointCaspian Sea
57%
Largest Lake (by area)Lake Titicaca
56%
Lowest PointDead Sea
55%
Highest PeakMount Elbrus
53%
Highest PeakAconcagua
45%
Longest RiverMurray
43%
Largest Lake (by area)Lake Ladoga
26%
Largest Island (by area)Isla Grande (Tierra del Fuego)
24%
Highest PeakMount Vinson
17%
Highest PeakPuncak Jaya
13%
Largest Lake (by area)Lake Eyre
10%
Lowest PointLake Eyre
10%
Largest Lake (by area)Lake Vostok
10%
Largest Island (by area)Alexander Island
4%
Lowest PointBadwater Basin
4%
Lowest PointLake Assal
4%
Lowest PointDeep Lake
2%
Lowest PointLaguna del Carbón
2%

Score Distribution

Percentile by Number Answered

Percent of People with Each Score

Your Score History

You have not taken this quiz